Spell the Marvel Hero #38 - Statistics

General Stats
  • This quiz has been taken 16 times
  • The average score is 7 of 9
Answer Stats
Picture Answer % Correct
Captain America
100%
Echo
100%
Nightcrawler
100%
Rogue
93%
Outlaw
67%
Nocturne
60%
U-Go Girl
60%
Thunderbird
53%
Nikki
40%
No matching quizzes found
Score Distribution
Percent of People with Each Score
Percentile by Number Answered
Your Score History
You have not taken this quiz